[Event "Mundial Juvenil 2005 s18"]
[Site "Belfort FRA"]
[Date "2005.07.29"]
[Round "10.13"]
[White "Deepan Chakkravarthy"]
[Black "Valeanu, Eduard-Andrei"]
[Result "1/2-1/2"]
[WhiteElo "2465"]
[BlackElo "2398"]
[PlyCount "97"]
[EventDate "2005.07.19"]
[EventType "swiss"]
[EventRounds "11"]
[EventCountry "FRA"]
[Source "lmi"]
[SourceDate "2005.07.31"]

1. e4 c5 2. Nf3 d6 3. d4 Nf6 4. Nc3 cxd4 5. Nxd4 a6 6. Be3 e6 7. f3 b5 8. Qd2
b4 9. Nce2 e5 10. Nb3 Nc6 11. g4 h6 12. O-O-O a5 13. Kb1 a4 14. Nbc1 Be6 15.
Ng3 Qa5 16. h4 d5 17. Bd3 d4 18. Bf2 Nd7 19. g5 Nc5 20. f4 exf4 21. Nf5 b3 22.
Qxa5 Rxa5 23. axb3 axb3 24. Nxd4 Nxd4 25. Bxd4 Nxd3 26. Nxd3 hxg5 27. hxg5 Rxh1
28. Rxh1 Rxg5 29. Nxf4 Bc4 30. cxb3 Bxb3 31. Rh3 Ba4 32. Rh8 Bd1 33. Kc1 Bf3
34. e5 Rg4 35. Be3 g5 36. Nd3 Rh4 37. Rg8 Be4 38. Nf2 Bh7 39. Rh8 Bg6 40. Rg8
Bh7 41. Rxg5 Rc4+ 42. Kd1 Bc2+ 43. Ke1 Bb4+ 44. Kf1 Bg6 45. Kg1 Kd7 46. Ng4
Rc1+ 47. Kf2 Ke6 48. Bd4 Kd5 49. Bc3 1/2-1/2

[Event "Mundial Juvenil 2005 s18"]
[Site "Belfort FRA"]
[Date "2005.07.29"]
[Round "10.14"]
[White "Safarli, Eltaj"]
[Black "Milman, Lev"]
[Result "1/2-1/2"]
[WhiteElo "2335"]
[BlackElo "2459"]
[PlyCount "34"]
[EventDate "2005.07.19"]
[EventType "swiss"]
[EventRounds "11"]
[EventCountry "FRA"]
[Source "lmi"]
[SourceDate "2005.07.31"]

1. e4 c5 2. Nf3 e6 3. d4 cxd4 4. Nxd4 a6 5. Nc3 b5 6. g3 b4 7. Nce2 Bb7 8. Bg2
Nf6 9. Qd3 d5 10. e5 Ne4 11. f3 Nc5 12. Qe3 Nc6 13. Nxc6 Bxc6 14. Nd4 Qb6 15.
b3 Be7 16. O-O O-O 17. a4 a5 1/2-1/2

[Event "Mundial Juvenil 2005 s18"]
[Site "Belfort FRA"]
[Date "2005.07.29"]
[Round "10.16"]
[White "Tukhaev, Adam"]
[Black "Mikkelsen, Nikolaj"]
[Result "1/2-1/2"]
[WhiteElo "2438"]
[BlackElo "2246"]
[PlyCount "86"]
[EventDate "2005.07.19"]
[EventType "swiss"]
[EventRounds "11"]
[EventCountry "FRA"]
[Source "lmi"]
[SourceDate "2005.07.31"]

1. e4 c5 2. Nf3 d6 3. d4 cxd4 4. Nxd4 Nf6 5. Nc3 a6 6. Bc4 e6 7. Bb3 b5 8. Bg5
Be7 9. Qf3 Qc7 10. O-O-O Nbd7 11. e5 Bb7 12. Qg3 Nxe5 13. Bxe6 O-O 14. f4 Nh5
15. Qh4 Nxf4 16. Bxe7 Neg6 17. Qg3 Qxe7 18. Bb3 Bxg2 19. Rhg1 b4 20. Na4 Qb7
21. h4 Bd5 22. Bxd5 Qxd5 23. Nb6 Qxd4 24. Rxd4 Ne2+ 25. Kd2 Nxg3 26. Rxg3 Rad8
27. Rxb4 f5 28. h5 Ne5 29. Nd5 Rd7 30. Ke3 Kf7 31. b3 Ng4+ 32. Kf4 Nf6 33. Nxf6
Kxf6 34. Rb6 Re8 35. Rd3 Re4+ 36. Kf3 Ke5 37. Rxa6 g5 38. hxg6 hxg6 39. c4 g5
40. Ra5+ Ke6 41. Rad5 Re5 42. R5d4 Ra5 43. a4 Ke5 1/2-1/2

[Event "Mundial Juvenil 2005 s18"]
[Site "Belfort FRA"]
[Date "2005.07.29"]
[Round "10.17"]
[White "Hungaski, Roberto"]
[Black "Fier, Alexander Hilario T"]
[Result "1/2-1/2"]
[WhiteElo "2308"]
[BlackElo "2462"]
[PlyCount "83"]
[EventDate "2005.07.19"]
[EventType "swiss"]
[EventRounds "11"]
[EventCountry "FRA"]
[Source "lmi"]
[SourceDate "2005.07.31"]

1. e4 c5 2. Nf3 d6 3. d4 cxd4 4. Nxd4 Nf6 5. Nc3 Nc6 6. Bg5 e6 7. Qd2 a6 8.
O-O-O h6 9. Nxc6 bxc6 10. Bf4 d5 11. Qe3 Be7 12. Be2 O-O 13. h4 Nd7 14. Qg3 Kh8
15. Bc7 Qe8 16. Bh5 a5 17. Rhe1 Nf6 18. Bf3 a4 19. Be5 a3 20. b3 Qd8 21. exd5
cxd5 22. Bxd5 exd5 23. Nxd5 Bf5 24. Nxf6 Qc8 25. Ne4 f6 26. Bd6 Bxd6 27. Qxd6
Ra6 28. Qd4 Rc6 29. c4 Qc7 30. Nd6 Bg6 31. f4 Qa5 32. Qd2 Qh5 33. f5 Rxd6 34.
Qxd6 Qxf5 35. Re2 Rf7 36. Qb8+ Kh7 37. Rd8 Bh5 38. Rh8+ Kg6 39. Qg3+ Bg4 40.
Rf2 Qe6 41. Rf4 f5 42. Rd8 1/2-1/2

[Event "Mundial Juvenil 2005 s18"]
[Site "Belfort FRA"]
[Date "2005.07.29"]
[Round "10.19"]
[White "Fossum, Oystein Boyum"]
[Black "Grigorov, Grigor"]
[Result "0-1"]
[WhiteElo "2262"]
[BlackElo "2400"]
[PlyCount "144"]
[EventDate "2005.07.19"]
[EventType "swiss"]
[EventRounds "11"]
[EventCountry "FRA"]
[Source "lmi"]
[SourceDate "2005.07.31"]

1. c4 Nf6 2. g3 c6 3. Nf3 d5 4. Bg2 Bf5 5. b3 Nbd7 6. Bb2 e6 7. O-O h6 8. Nc3
Qb6 9. cxd5 cxd5 10. d3 Be7 11. e4 dxe4 12. dxe4 Bh7 13. Qe2 Nc5 14. Ne5 O-O
15. Rfd1 Rad8 16. Nc4 Qa6 17. e5 Nfd7 18. b4 Na4 19. Nxa4 Qxa4 20. a3 Qa6 21.
Kf1 Nb6 22. Nd6 Qxe2+ 23. Kxe2 Bxd6 24. exd6 Nc4 25. Bd4 b6 26. Rdc1 Nxd6 27.
Be5 f6 28. Bxd6 Rxd6 29. Rc7 Bd3+ 30. Ke1 Rf7 31. Rac1 Bb5 32. Rc8+ Kh7 33. Bf3
Rfd7 34. R8c7 Rxc7 35. Rxc7 Rd7 36. Rc3 f5 37. Be2 Bxe2 38. Kxe2 Kg6 39. Rc4
Kf6 40. h4 g5 41. hxg5+ hxg5 42. Rc8 Ke5 43. Rg8 g4 44. Rc8 Ke4 45. Rc4+ Kd5
46. Rc8 e5 47. Rf8 Ke4 48. Rc8 Rd3 49. Rc4+ Rd4 50. Rc7 a5 51. bxa5 bxa5 52.
Rc5 Ra4 53. Rc3 f4 54. gxf4 exf4 55. f3+ gxf3+ 56. Rxf3 Rc4 57. Rb3 Rc2+ 58.
Ke1 Ra2 59. Rc3 f3 60. Rc8 Rxa3 61. Re8+ Kd3 62. Kf2 Kc2 63. Ra8 a4 64. Ra7 Kb2
65. Ra8 Ra1 66. Kxf3 a3 67. Ke2 a2 68. Kd2 Rh1 69. Rb8+ Ka3 70. Ra8+ Kb3 71.
Rb8+ Kc4 72. Rc8+ Kd5 0-1

[Event "Mundial Juvenil 2005 s18"]
[Site "Belfort FRA"]
[Date "2005.07.30"]
[Round "11.1"]
[White "Vitiugov, Nikita"]
[Black "Wojtaszek, Radoslaw"]
[Result "0-1"]
[WhiteElo "2519"]
[BlackElo "2591"]
[PlyCount "80"]
[EventDate "2005.07.19"]
[EventType "swiss"]
[EventRounds "11"]
[EventCountry "FRA"]
[Source "lmi"]
[SourceDate "2005.07.31"]

1. d4 Nf6 2. c4 e6 3. Nf3 Bb4+ 4. Nbd2 b6 5. a3 Bxd2+ 6. Qxd2 Bb7 7. e3 O-O 8.
Be2 Ne4 9. Qc2 f5 10. O-O d6 11. b4 Nd7 12. Bb2 Qe7 13. Rad1 Ndf6 14. d5 c5 15.
dxc6 Bxc6 16. Nd4 Bb7 17. f3 Ng5 18. Qb3 Kh8 19. Nb5 Rfd8 20. Rd2 a6 21. Nc3 e5
22. Na4 Rab8 23. Qc2 Bc6 24. b5 axb5 25. cxb5 Bd7 26. Rc1 Ne6 27. Bc3 Nc7 28.
Nxb6 Rxb6 29. Ba5 Ncd5 30. Bxb6 Nxb6 31. a4 Nfd5 32. e4 Ne3 33. Qd3 Qg5 34. Bf1
d5 35. h4 Qf4 36. exd5 Nbxd5 37. Ra1 e4 38. Qd4 Qg3 39. fxe4 Ng4 40. Bc4 Nde3
0-1

[Event "Mundial Juvenil 2005 s18"]
[Site "Belfort FRA"]
[Date "2005.07.30"]
[Round "11.4"]
[White "Tomashevsky, Evgeny"]
[Black "Alsina Leal, Daniel"]
[Result "1-0"]
[WhiteElo "2555"]
[BlackElo "2322"]
[PlyCount "103"]
[EventDate "2005.07.19"]
[EventType "swiss"]
[EventRounds "11"]
[EventCountry "FRA"]
[Source "lmi"]
[SourceDate "2005.07.31"]

1. Nf3 g6 2. c4 c5 3. d4 Bg7 4. d5 d6 5. e4 Nf6 6. Nc3 O-O 7. h3 e6 8. Bd3 exd5
9. exd5 Re8+ 10. Be3 Nbd7 11. O-O Nh5 12. Bg5 f6 13. Bd2 f5 14. Be2 Nhf6 15.
Ng5 Ne5 16. f4 Nf7 17. Nxf7 Kxf7 18. Bf3 Ne4 19. Bxe4 Bd4+ 20. Kh2 fxe4 21. f5
Kg7 22. fxg6 hxg6 23. Bf4 Qe7 24. Qe1 e3 25. Qg3 Bf5 26. Bxd6 Qxd6 27. Qxd6
Be5+ 28. Qxe5+ Rxe5 29. Rae1 Bd3 30. Rf3 Rae8 31. b3 a6 32. d6 b5 33. Rfxe3
Rxe3 34. Rxe3 Rxe3 35. d7 Bf5 36. d8=Q Rxc3 37. Qe7+ Kh6 38. Qf8+ Kg5 39. Qxc5
Rc2 40. Qe3+ Kf6 41. cxb5 axb5 42. a4 bxa4 43. bxa4 Ra2 44. a5 Be6 45. Qd4+ Kf7
46. Qc5 Kf6 47. Kg3 g5 48. Kf3 Bf7 49. Qd6+ Kg7 50. a6 Ra4 51. a7 Ra2 52. Qe5+
1-0

[Event "Mundial Juvenil 2005 s18"]
[Site "Belfort FRA"]
[Date "2005.07.30"]
[Round "11.5"]
[White "Braun, Arik"]
[Black "Stopa, Jacek"]
[Result "0-1"]
[WhiteElo "2475"]
[BlackElo "2460"]
[PlyCount "54"]
[EventDate "2005.07.19"]
[EventType "swiss"]
[EventRounds "11"]
[EventCountry "FRA"]
[Source "lmi"]
[SourceDate "2005.07.31"]

1. d4 d5 2. c4 c6 3. Nc3 Nf6 4. Nf3 a6 5. h3 e6 6. Bf4 dxc4 7. Bxb8 Rxb8 8. Ne5
Qc7 9. Nxc4 b5 10. Nd2 c5 11. dxc5 Bxc5 12. a4 O-O 13. axb5 Rd8 14. e3 axb5 15.
Qc1 Bb7 16. Nxb5 Qb6 17. Nc3 Bb4 18. Ra4 Bc6 19. Ra6 Qb7 20. f3 Bb5 21. Bxb5
Bxc3 22. bxc3 Qxb5 23. Ra2 Qd3 24. Kf2 Nd5 25. Re1 Nxc3 26. Rc2 Rbc8 27. Rb2
Na4 0-1

[Event "Mundial Juvenil 2005 s18"]
[Site "Belfort FRA"]
[Date "2005.07.30"]
[Round "11.7"]
[White "Pashikian, Arman"]
[Black "Cifka, Stanislav"]
[Result "1-0"]
[WhiteElo "2442"]
[BlackElo "2347"]
[PlyCount "69"]
[EventDate "2005.07.19"]
[EventType "swiss"]
[EventRounds "11"]
[EventCountry "FRA"]
[Source "lmi"]
[SourceDate "2005.07.31"]

1. d4 Nf6 2. Nf3 e6 3. e3 c5 4. Bd3 b6 5. O-O Bb7 6. c4 Be7 7. Nc3 cxd4 8. exd4
d5 9. cxd5 Nxd5 10. Ne5 O-O 11. Qh5 g6 12. Qh3 Nxc3 13. bxc3 Nd7 14. Bh6 Nxe5
15. dxe5 Rc8 16. Bxf8 Bxf8 17. Rad1 Qc7 18. Qe3 Qc6 19. Qg5 Be7 20. Qg3 Bh4 21.
Qh3 Be7 22. c4 Qa4 23. Qe3 Bc5 24. Qf4 Qc6 25. Qg3 a5 26. h4 Rd8 27. Bxg6 hxg6
28. Rxd8+ Kg7 29. h5 Be7 30. Rd4 Ba6 31. hxg6 fxg6 32. Rfd1 Bxc4 33. Rd7 Qc5
34. Qg5 Kf7 35. Qf6+ 1-0

[Event "Mundial Juvenil 2005 s18"]
[Site "Belfort FRA"]
[Date "2005.07.30"]
[Round "11.8"]
[White "Amin, Bassem"]
[Black "Sengupta, Deep"]
[Result "1-0"]
[WhiteElo "2400"]
[BlackElo "2414"]
[PlyCount "123"]
[EventDate "2005.07.19"]
[EventType "swiss"]
[EventRounds "11"]
[EventCountry "FRA"]
[Source "lmi"]
[SourceDate "2005.07.31"]

1. e4 c5 2. Nf3 e6 3. d3 a6 4. g3 b5 5. a4 Bb7 6. Nc3 b4 7. Nb1 d6 8. Bg2 g6 9.
O-O Bg7 10. Bg5 Ne7 11. Qc1 h6 12. Be3 Nbc6 13. c3 Rc8 14. Nbd2 O-O 15. Re1 Kh7
16. h4 Na5 17. Qc2 d5 18. Bf4 bxc3 19. bxc3 d4 20. c4 Nec6 21. Nb3 Nb4 22. Qd1
Nxb3 23. Qxb3 a5 24. Qd1 Qe7 25. e5 Rb8 26. Qd2 Rfc8 27. Nh2 Bxg2 28. Kxg2 Qb7+
29. Kh3 Rh8 30. Rad1 g5 31. hxg5 Kg6 32. Kg4 Qg2 33. f3 Qxd2 34. Rxd2 hxg5 35.
Bxg5 Nxd3 36. Rxd3 Rxh2 37. Be7 Rb4 38. Rc1 Bxe5 39. f4 Bg7 40. Bxc5 Rxa4 41.
Ba3 Bf6 42. c5 Bd8 43. c6 Bc7 44. Bc5 f6 45. Kf3 Raa2 46. Bxd4 e5 47. fxe5 fxe5
48. Bg1 Rhc2 49. Rc3 Re2 50. Kg4 a4 51. Bb6 Bxb6 52. c7 Re4+ 53. Kf3 Rb4 54.
Rc6+ Kg5 55. Rxb6 e4+ 56. Ke3 Ra3+ 57. Ke2 Ra2+ 58. Ke1 Rxb6 59. c8=Q Rab2 60.
Rc5+ Kf6 61. Qc6+ Ke7 62. Qc7+ 1-0

[Event "Mundial Juvenil 2005 s18"]
[Site "Belfort FRA"]
[Date "2005.07.30"]
[Round "11.9"]
[White "Wen, Yang"]
[Black "Khusnutdinov, Rustam"]
[Result "0-1"]
[WhiteElo "2327"]
[BlackElo "2354"]
[PlyCount "82"]
[EventDate "2005.07.19"]
[EventType "swiss"]
[EventRounds "11"]
[EventCountry "FRA"]
[Source "lmi"]
[SourceDate "2005.07.31"]

1. e4 c5 2. Nf3 Nc6 3. Bb5 g6 4. Bxc6 bxc6 5. O-O Bg7 6. Re1 Nh6 7. c3 O-O 8.
d4 cxd4 9. cxd4 d5 10. e5 Bg4 11. Nbd2 f6 12. exf6 exf6 13. h3 Bxf3 14. Nxf3
Nf5 15. b3 Qd6 16. Qc2 Rfe8 17. Bd2 Bf8 18. Rxe8 Rxe8 19. Rc1 Re6 20. h4 h5 21.
Kf1 Qe7 22. b4 Kf7 23. a4 Qb7 24. Rb1 Nd6 25. Bf4 Nc4 26. Qc3 a5 27. b5 Bb4 28.
Qd3 cxb5 29. axb5 Qxb5 30. Kg1 Qe8 31. Bg3 Kg7 32. Qb3 Rb6 33. Qc2 a4 34. Kh1
a3 35. Ng1 Qe6 36. Ra1 Nd2 37. Qd3 Ra6 38. Rc1 Ne4 39. Nh3 Bd2 40. Ra1 Qe8 41.
Qb3 Rb6 0-1

[Event "Mundial Juvenil femenino 2005 s10"]
[Site "Belfort FRA"]
[Date "2005.07.19"]
[Round "1.1"]
[White "Kotepalli, Sai Nirupama"]
[Black "Barantseva, Alexandra"]
[Result "1-0"]
[WhiteElo "1599"]
[BlackElo "2089"]
[PlyCount "73"]
[EventDate "2005.07.19"]
[EventType "swiss"]
[EventRounds "11"]
[EventCountry "FRA"]
[Source "lmi"]
[SourceDate "2005.07.31"]

1. e3 d5 2. g3 Nf6 3. Bg2 e5 4. Ne2 g6 5. d4 e4 6. c4 c6 7. Nbc3 Bg7 8. Qb3 O-O
9. cxd5 cxd5 10. Nf4 Be6 11. Qxb7 Qd7 12. Qxd7 Nbxd7 13. Bd2 Nb6 14. b3 Rfc8
15. O-O Bf8 16. Nxe6 fxe6 17. Rac1 Ba3 18. Rcd1 Bb4 19. Nxe4 dxe4 20. Bxb4 Rc2
21. Be7 Nbd5 22. Bxf6 Nxf6 23. f3 exf3 24. Bxf3 Rxa2 25. Bxa8 Ng4 26. Rde1 Ra3
27. d5 exd5 28. Bxd5+ Kg7 29. e4 Ra5 30. Ra1 Rc5 31. Rxa7+ Kh6 32. Bg8 Ne3 33.
Rxh7+ Kg5 34. Re1 Nc2 35. Rc1 Rc6 36. Bd5 Rc3 37. h4+ 1-0

[Event "Mundial Juvenil femenino 2005 s10"]
[Site "Belfort FRA"]
[Date "2005.07.19"]
[Round "1.2"]
[White "Anakidze, Nino"]
[Black "Kou, Yingya"]
[Result "0-1"]
[WhiteElo "1963"]
[BlackElo "1599"]
[PlyCount "84"]
[EventDate "2005.07.19"]
[EventType "swiss"]
[EventRounds "11"]
[EventCountry "FRA"]
[Source "lmi"]
[SourceDate "2005.07.31"]

1. e4 c5 2. Nc3 Nc6 3. g3 g6 4. Bg2 Bg7 5. d3 d6 6. f4 Nf6 7. Nf3 O-O 8. O-O
Rb8 9. h3 b5 10. Be3 b4 11. Ne2 Ne8 12. Rb1 Nc7 13. g4 Nb5 14. f5 Nbd4 15. Nf4
e5 16. Nd5 Nxf3+ 17. Qxf3 Nd4 18. Qf2 f6 19. h4 Bb7 20. c3 Bxd5 21. exd5 Nb5
22. c4 Nd4 23. Be4 Qe8 24. Bxd4 cxd4 25. Qf3 Bh6 26. Kh1 Bf4 27. Rg1 g5 28.
hxg5 Bxg5 29. Kg2 h6 30. Rh1 Rf7 31. Qh3 Qa4 32. Kf3 Qc2 33. Rhd1 a5 34. Qh5
Rg7 35. Qh3 a4 36. Qh1 Be3 37. Qf1 Qh2 38. Qg2 Qf4+ 39. Ke2 Rxg4 40. Qf1 Qh2+
41. Bg2 Rxg2+ 42. Ke1 Rg1 0-1

[Event "Mundial Juvenil femenino 2005 s10"]
[Site "Belfort FRA"]
[Date "2005.07.19"]
[Round "1.3"]
[White "Kovacevic, Ana"]
[Black "Ziaziulkina, Nastassia"]
[Result "0-1"]
[WhiteElo "1599"]
[BlackElo "1949"]
[PlyCount "130"]
[EventDate "2005.07.19"]
[EventType "swiss"]
[EventRounds "11"]
[EventCountry "FRA"]
[Source "lmi"]
[SourceDate "2005.07.31"]

1. e4 c5 2. Nc3 Nc6 3. g3 g6 4. Bg2 Bg7 5. f4 e6 6. Nf3 Nge7 7. O-O O-O 8. d3
d6 9. Be3 Nd4 10. Bxd4 cxd4 11. Ne2 Nc6 12. Nc1 Rb8 13. a4 Qb6 14. Nb3 Bd7 15.
Qc1 Rfc8 16. Rf2 Na5 17. Nxa5 Qxa5 18. b3 Rc7 19. Qe1 Qxe1+ 20. Rxe1 Rbc8 21.
Ree2 e5 22. h3 Bh6 23. Ne1 b5 24. axb5 Bxb5 25. Rd2 a5 26. h4 Bd7 27. Kh2 a4
28. bxa4 Bxa4 29. Bh3 Rb8 30. Kg1 Rb1 31. Kf1 Rc1 32. Bg4 Rb7 33. Rd1 Rbb1 34.
Rxc1 Rxc1 35. Rd2 exf4 36. gxf4 Bxf4 37. Rg2 Be5 38. h5 Bf6 39. Rh2 Bd8 40. h6
Bg5 41. Bc8 Bf4 42. Rf2 Bxh6 43. Ba6 Be3 44. Re2 h5 45. Kg2 Bd7 46. Nf3 Bg4 47.
Bc4 Kg7 48. Bb3 f6 49. Re1 Bxf3+ 50. Kxf3 Rxe1 51. Be6 Rf1+ 52. Kg2 Rf2+ 53.
Kh3 Rxc2 54. Kh4 Rc3 55. Bc4 Rxc4 56. dxc4 d3 57. e5 fxe5 58. c5 Bxc5 59. Kg5
d2 60. Kh4 d1=Q 61. Kg3 Qg1+ 62. Kf3 Qe3+ 63. Kg2 Qf2+ 64. Kh3 h4 65. Kg4 Qg3#
0-1

[Event "Mundial Juvenil femenino 2005 s10"]
[Site "Belfort FRA"]
[Date "2005.07.19"]
[Round "1.4"]
[White "Abdulaziz, Maryam"]
[Black "Lach, Aleksandra"]
[Result "0-1"]
[WhiteElo "1599"]
[BlackElo "1599"]
[PlyCount "78"]
[EventDate "2005.07.19"]
[EventType "swiss"]
[EventRounds "11"]
[EventCountry "FRA"]
[Source "lmi"]
[SourceDate "2005.07.31"]

1. e4 c5 2. Nf3 d6 3. Bb5+ Bd7 4. Bc4 e6 5. O-O Nf6 6. Nc3 Be7 7. d3 O-O 8. Bg5
Nc6 9. Re1 a6 10. Qd2 Qc7 11. Rad1 Rac8 12. h3 Qb8 13. Bxf6 Bxf6 14. Qe3 Nd4
15. Rc1 b5 16. Bb3 a5 17. a3 Nxf3+ 18. Qxf3 a4 19. Ba2 b4 20. axb4 cxb4 21. Ne2
Bxb2 22. Rb1 Rxc2 23. Rbd1 b3 24. Bb1 Rc7 25. Rd2 Bc3 26. Nxc3 Rxc3 27. Qe3
Rfc8 28. Qd4 e5 29. Qe3 a3 30. d4 Rxe3 31. Rxe3 exd4 32. Rxd4 Rc1+ 33. Kh2 Rxb1
34. Rdd3 a2 35. Rf3 a1=Q 36. Rd5 Be6 37. Rg5 d5+ 38. g3 Rh1+ 39. Kg2 Bxh3# 0-1

[Event "Mundial Juvenil femenino 2005 s10"]
[Site "Belfort FRA"]
[Date "2005.07.19"]
[Round "1.5"]
[White "Lalaoui, Feriel"]
[Black "Aflalo, Sophie"]
[Result "0-1"]
[WhiteElo "1599"]
[BlackElo "1599"]
[PlyCount "60"]
[EventDate "2005.07.19"]
[EventType "swiss"]
[EventRounds "11"]
[EventCountry "FRA"]
[Source "lmi"]
[SourceDate "2005.07.31"]

1. e4 c5 2. Nf3 Nc6 3. d4 cxd4 4. Nxd4 Nf6 5. Nc3 e5 6. Nb3 Bb4 7. Bd2 Bxc3 8.
Bxc3 Nxe4 9. Bd3 Nf6 10. O-O O-O 11. Re1 Re8 12. Rc1 a6 13. a4 d5 14. Be2 Bf5
15. Nd2 d4 16. Bf3 dxc3 17. bxc3 Qc7 18. Bxc6 Qxc6 19. c4 Bg4 20. f3 Bh5 21. g4
Bg6 22. g5 Nh5 23. a5 Qc5+ 24. Kh1 Rad8 25. Rb1 Qxa5 26. Qe2 Qxd2 27. Qxd2 Rxd2
28. Rxb7 Nf4 29. Rxe5 Rd1+ 30. Re1 Rdxe1# 0-1

[Event "Mundial Juvenil femenino 2005 s10"]
[Site "Belfort FRA"]
[Date "2005.07.19"]
[Round "1.6"]
[White "Aggoune, Audessa"]
[Black "Le, Thanh Phuong Uyen"]
[Result "1/2-1/2"]
[WhiteElo "1599"]
[BlackElo "1599"]
[PlyCount "57"]
[EventDate "2005.07.19"]
[EventType "swiss"]
[EventRounds "11"]
[EventCountry "FRA"]
[Source "lmi"]
[SourceDate "2005.07.31"]

1. d4 Nf6 2. c4 e5 3. dxe5 Ng4 4. Nc3 Nxe5 5. e3 Nbc6 6. Nf3 Bb4 7. Bd2 a5 8.
a3 Bc5 9. b3 O-O 10. Be2 d6 11. O-O Bf5 12. Nd5 Qd7 13. Bc3 Nxf3+ 14. Bxf3 Ne5
15. Bxe5 dxe5 16. e4 Be6 17. Rb1 c6 18. Nc3 Qc7 19. Qc2 Rad8 20. Rfd1 h6 21.
Rbc1 Qb6 22. Rf1 Rd7 23. Rcd1 Rfd8 24. Rxd7 Rxd7 25. Rd1 Rxd1+ 26. Nxd1 Bxa3
27. Qc3 Qb4 28. Qxb4 axb4 29. Ne3 1/2-1/2

[Event "Mundial Juvenil femenino 2005 s10"]
[Site "Belfort FRA"]
[Date "2005.07.19"]
[Round "1.7"]
[White "Lepeskaite, Migle"]
[Black "Aisha, Jehad"]
[Result "1-0"]
[WhiteElo "1599"]
[BlackElo "1599"]
[PlyCount "91"]
[EventDate "2005.07.19"]
[EventType "swiss"]
[EventRounds "11"]
[EventCountry "FRA"]
[Source "lmi"]
[SourceDate "2005.07.31"]

1. d4 d5 2. Nf3 Nc6 3. g3 Nf6 4. Bg2 Bf5 5. c3 b5 6. O-O b4 7. Qa4 Bd7 8. Qc2
e6 9. Bg5 Be7 10. Nbd2 O-O 11. e4 h6 12. Bf4 dxe4 13. Nxe4 Nxe4 14. Qxe4 bxc3
15. bxc3 f5 16. Qe2 Bd6 17. Be5 Nxe5 18. Nxe5 c5 19. Bxa8 Bxe5 20. Qxe5 Qxa8
21. Qxc5 Rc8 22. Qd6 Bb5 23. Qxe6+ Kh8 24. Rfc1 Bc4 25. Qxf5 Rf8 26. Qg4 Qb7
27. Rc2 Qf7 28. Qe4 Bd5 29. Qe3 Re8 30. Qf4 Qe7 31. Qe5 Qf7 32. Qf4 Qe7 33.
Rcc1 Qe2 34. a3 Qb2 35. c4 Be4 36. d5 Qe2 37. d6 g5 38. Qf6+ Kg8 39. d7 Rf8 40.
Qxf8+ Kxf8 41. d8=Q+ Kg7 42. Qe7+ Kg6 43. Re1 Qf3 44. Qxe4+ Qxe4 45. Rxe4 Kf5
46. Re7 1-0

[Event "Mundial Juvenil femenino 2005 s10"]
[Site "Belfort FRA"]
[Date "2005.07.19"]
[Round "1.8"]
[White "Aranaz Murillo, Amalia"]
[Black "Milotunovic, Stefana"]
[Result "1-0"]
[WhiteElo "1599"]
[BlackElo "1599"]
[PlyCount "81"]
[EventDate "2005.07.19"]
[EventType "swiss"]
[EventRounds "11"]
[EventCountry "FRA"]
[Source "lmi"]
[SourceDate "2005.07.31"]

1. d4 Nf6 2. c4 g6 3. Nc3 Bg7 4. e4 d6 5. Nf3 O-O 6. Be2 c5 7. d5 Nbd7 8. O-O
Ng4 9. Nd2 Ngf6 10. Nb3 Nb6 11. Bf4 Nfd7 12. Qd2 Ne5 13. Bxe5 Bxe5 14. f4 Bg7
15. Rae1 a5 16. Bd3 e6 17. Re2 Qc7 18. Nb5 Qb8 19. Rc1 a4 20. Na1 Bd7 21. b3
Bxb5 22. cxb5 exd5 23. exd5 Nxd5 24. Bc4 Nc3 25. Rxc3 Bxc3 26. Qxc3 Qd8 27.
bxa4 Rxa4 28. g3 Re8 29. Bxf7+ Kxf7 30. Qb3+ Kg7 31. Rxe8 Qxe8 32. Qxa4 Qe1+
33. Kg2 Qxa1 34. Qa5 Qd4 35. Qc7+ Kg8 36. Qxb7 Qb2+ 37. Kh3 Qxa2 38. Qc8+ Kg7
39. Qd7+ Kg8 40. Qxd6 Kh8 41. Qf8+ 1-0

[Event "Mundial Juvenil femenino 2005 s10"]
[Site "Belfort FRA"]
[Date "2005.07.19"]
[Round "1.9"]
[White "Monemvasitis, Athina"]
[Black "Atabayva, Gozel"]
[Result "0-1"]
[WhiteElo "1599"]
[BlackElo "1599"]
[PlyCount "119"]
[EventDate "2005.07.19"]
[EventType "swiss"]
[EventRounds "11"]
[EventCountry "FRA"]
[Source "lmi"]
[SourceDate "2005.07.31"]

1. e4 e5 2. Nf3 Nc6 3. Bc4 Bc5 4. d3 h6 5. Nc3 Nf6 6. a3 a6 7. b4 Bb6 8. O-O
O-O 9. Be3 Bxe3 10. fxe3 d6 11. d4 exd4 12. exd4 Bg4 13. Qd2 b5 14. Bb3 Re8 15.
Rae1 Qd7 16. e5 dxe5 17. dxe5 Bxf3 18. Qxd7 Nxd7 19. Rxf3 Ncxe5 20. Rfe3 Kf8
21. Nd5 c6 22. Nc7 Rad8 23. Nxe8 Rxe8 24. g4 Nf3+ 25. Rxf3 Rxe1+ 26. Kf2 Re7
27. h3 Nf6 28. Kg2 Ne4 29. a4 Nd2 30. Rc3 Nxb3 31. cxb3 Re6 32. Kf3 f6 33. Kf4
Kf7 34. Rd3 Ke7 35. Kf5 Re5+ 36. Kf4 g5+ 37. Kf3 Rd5 38. Re3+ Kd7 39. Re2 Rd4
40. Re4 Rxe4 41. Kxe4 Ke6 42. Kd4 f5 43. gxf5+ Kxf5 44. Kc5 h5 45. Kxc6 g4 46.
hxg4+ hxg4 47. axb5 axb5 48. Kxb5 g3 49. Kc6 g2 50. b5 g1=Q 51. b6 Qc1+ 52. Kb7
Ke6 53. Kb8 Kd7 54. b7 Qa1 55. b4 Qh8+ 56. Ka7 Kc7 57. b5 Qb8+ 58. Ka6 Qxb7+
59. Ka5 Qb6+ 60. Kb4 0-1

[Event "Mundial Juvenil femenino 2005 s10"]
[Site "Belfort FRA"]
[Date "2005.07.19"]
[Round "1.10"]
[White "Auvray, Honorine"]
[Black "Mucha, Magdalena"]
[Result "0-1"]
[WhiteElo "1599"]
[BlackElo "1599"]
[PlyCount "75"]
[EventDate "2005.07.19"]
[EventType "swiss"]
[EventRounds "11"]
[EventCountry "FRA"]
[Source "lmi"]
[SourceDate "2005.07.31"]

1. e4 c5 2. Nf3 Nc6 3. Bb5 Nd4 4. Nxd4 cxd4 5. c3 dxc3 6. dxc3 Qc7 7. O-O e6 8.
Be3 Nf6 9. Na3 Bxa3 10. bxa3 Nxe4 11. Qd4 Nf6 12. Bf4 Qa5 13. a4 a6 14. Bd3 Qd5
15. Qxd5 Nxd5 16. Bd2 O-O 17. Rfe1 f5 18. c4 Nf6 19. Re3 Kf7 20. Rg3 h6 21. Bc3
g5 22. Bxf6 Kxf6 23. Rh3 Rh8 24. Re1 d6 25. Rhe3 Bd7 26. h3 Rhe8 27. g4 Bxa4
28. gxf5 exf5 29. R3e2 Rxe2 30. Rxe2 Re8 31. Rxe8 Bxe8 32. Kg2 b5 33. Kg3 Ke5
34. h4 bxc4 35. Bxc4 Bb5 36. Bxb5 axb5 37. hxg5 hxg5 38. a4 0-1

[Event "Mundial Juvenil femenino 2005 s10"]
[Site "Belfort FRA"]
[Date "2005.07.19"]
[Round "1.11"]
[White "Navrotescu, Andrea-Cristina"]
[Black "Azizova, Feruza"]
[Result "1-0"]
[WhiteElo "1599"]
[BlackElo "1599"]
[PlyCount "37"]
[EventDate "2005.07.19"]
[EventType "swiss"]
[EventRounds "11"]
[EventCountry "FRA"]
[Source "lmi"]
[SourceDate "2005.07.31"]

1. d4 d5 2. c4 dxc4 3. e4 Nc6 4. Nf3 Bg4 5. d5 Ne5 6. Be2 Bxf3 7. Bxf3 Nf6 8.
O-O g6 9. Nc3 Nxf3+ 10. Qxf3 Bg7 11. Bg5 O-O 12. Rfe1 e6 13. e5 exd5 14. exf6
Bh8 15. Nxd5 Re8 16. Rxe8+ Qxe8 17. Ne7+ Kf8 18. Bh6+ Bg7 19. Bxg7# 1-0

[Event "Mundial Juvenil femenino 2005 s10"]
[Site "Belfort FRA"]
[Date "2005.07.19"]
[Round "1.12"]
[White "Baekelant, Eva"]
[Black "Nolot, Clementine"]
[Result "1-0"]
[WhiteElo "1599"]
[BlackElo "1599"]
[PlyCount "71"]
[EventDate "2005.07.19"]
[EventType "swiss"]
[EventRounds "11"]
[EventCountry "FRA"]
[Source "lmi"]
[SourceDate "2005.07.31"]

1. e4 e5 2. Nc3 Nc6 3. Bc4 Nf6 4. f4 Bc5 5. Nf3 d6 6. Na4 Bg4 7. Nxc5 dxc5 8.
h3 Bxf3 9. Qxf3 Qd7 10. d3 O-O-O 11. Be3 Nd4 12. Qf2 Rhe8 13. O-O-O exf4 14.
Bxd4 cxd4 15. Qxf4 Re7 16. Qg5 Ne8 17. Rhf1 f6 18. Qc5 a6 19. Qa7 c6 20. Qa8+
Kc7 21. Qa7 Nd6 22. Qxd4 b5 23. Qa7+ Nb7 24. Bb3 a5 25. a3 a4 26. Ba2 c5 27.
Rf5 Re5 28. Rxe5 fxe5 29. Rf1 Qe8 30. Rf7+ Rd7 31. Rxd7+ Qxd7 32. Bd5 Qc8 33.
Bxb7 Qxb7 34. Qxc5+ Kb8 35. Qxe5+ Ka7 36. Qd6 1-0